000 00675nam a2200181 i 4500
001 165458
003 ES-MaACL
005 20250806064055.0
008 030226s1874 sp |||| | spa d
040 _aCCPB | B
_bspa
_cCCPB | B
100 1 _aSobron, Félix C.
_9132791
245 1 0 _aPlantas medicinales de la República de Uruguay y noticias sobre los indígenas /
_cpor Félix C. y Sobron.
260 _aMadrid :
_b[s.n.],
_c1874 (
_festablecimiento tipográfico de Julián Peña)
300 _a44 p. ;
_c25 cm.
650 7 _aPlantas medicinales
_2embne
_916118
852 _aES-MaACL
_jT-441-F-13
_z-- Enc. hol.
_z-- Enc. en un vol. facticio
999 _c165458
_d165458